[Event "Stay Safe Play From Home 326"]
[Site "Mustafa Kemal Atatürk"]
[Date "2020.07.23"]
[Round "6"]
[White "Haxhi Baha"]
[Black "Lazieri3"]
[Result "0-1"]
[WhiteElo "2101"]
[BlackElo "2125"]
[PlyCount "112"]
[EventDate "2020.07.23"]
[EventType "swiss (blitz)"]

1. e4 {[%emt 0:00:01]} c6 {[%emt 0:00:00]} 2. Nf3 {[%emt 0:00:01]} d5 {[%emt 0:00:00]} 3. Nc3 {[%emt 0:00:00]} dxe4 {[%emt 0:00:02] Lazieri3 offers a draw} 4. Nxe4 {[%emt 0:00:00]} Nd7 {[%emt 0:00:01]} 5. Bc4 {[%emt 0:00:03]} Ndf6 {[%emt 0:00:01]} 6. Neg5 {[%emt 0:00:01]} e6 {[%emt 0:00:01]} 7. Qe2 {[%emt 0:00:01]} Bd6 {[%emt 0:00:01]} 8. d3 {[%emt 0:00:02]} h6 {[%emt 0:00:01]} 9. Nh3 {[%emt 0:00:03]} Ne7 {[%emt 0:00:02]} 10. Bd2 {[%emt 0:00:01]} Ned5 {[%emt 0:00:01]} 11. O-O-O {[%emt 0:00:02]} Qc7 {[%emt 0:00:01]} 12. Kb1 {[%emt 0:00:02]} Nf4 {[%emt 0:00:02]} 13. Nxf4 {[%emt 0:00:02]} Bxf4 {[%emt 0:00:00]} 14. g3 {[%emt 0:00:02]} Bxd2 {[%emt 0:00:01]} 15. Rxd2 {[%emt 0:00:00]} Bd7 {[%emt 0:00:01]} 16. Ne5 {[%emt 0:00:01]} c5 {[%emt 0:00:01]} 17. f4 {[%emt 0:00:01]} Bc6 {[%emt 0:00:01]} 18. Re1 {[%emt 0:00:01]} O-O-O {[%emt 0:00:01]} 19. Nxf7 {[%emt 0:00:02]} Bd5 {[%emt 0:00:05]} 20. Bxd5 {[%emt 0:00:04]} exd5 {[%emt 0:00:03]} 21. Nxh8 {[%emt 0:00:01]} Rxh8 {[%emt 0:00:01]} 22. Qe7 {[%emt 0:00:03]} Rd8 {[%emt 0:00:01]} 23. Qxc7+ {[%emt 0:00:02]} Kxc7 {[%emt 0:00:01]} 24. Re7+ {[%emt 0:00:00]} Rd7 {[%emt 0:00:00]} 25. Rxd7+ {[%emt 0:00:00]} Kxd7 {[%emt 0:00:01]} 26. Re2 {[%emt 0:00:01]} Kd6 {[%emt 0:00:02]} 27. h3 {[%emt 0:00:00]} b6 {[%emt 0:00:00]} 28. g4 {[%emt 0:00:01]} b5 {[%emt 0:00:02]} 29. c3 {[%emt 0:00:01]} c4 {[%emt 0:00:01]} 30. d4 {[%emt 0:00:01]} Ne4 {[%emt 0:00:01]} 31. Kc2 {[%emt 0:00:01]} Nf6 {[%emt 0:00:03]} 32. Re5 {[%emt 0:00:01]} Nd7 {[%emt 0:00:03]} 33. Rf5 {[%emt 0:00:02]} Nf6 {[%emt 0:00:01]} 34. Kd2 {[%emt 0:00:03]} Ne4+ {[%emt 0:00:02]} 35. Ke3 {[%emt 0:00:01]} Nf6 {[%emt 0:00:01]} 36. g5 {[%emt 0:00:02]} hxg5 {[%emt 0:00:00]} 37. fxg5 {[%emt 0:00:00]} Ne4 {[%emt 0:00:01]} 38. Re5 {[%emt 0:00:01]} Ng3 {[%emt 0:00:02]} 39. Kf4 {[%emt 0:00:02]} Nh5+ {[%emt 0:00:01]} 40. Kg4 {[%emt 0:00:00]} g6 {[%emt 0:00:01]} 41. h4 {[%emt 0:00:00]} Ng7 {[%emt 0:00:01]} 42. Re8 {[%emt 0:00:01]} Nxe8 {[%emt 0:00:01]} 43. h5 {[%emt 0:00:01]} gxh5+ {[%emt 0:00:00]} 44. Kxh5 {[%emt 0:00:00]} Ke6 {[%emt 0:00:00]} 45. Kg6 {[%emt 0:00:00]} a5 {[%emt 0:00:01]} 46. Kh7 {[%emt 0:00:00]} b4 {[%emt 0:00:01]} 47. g6 {[%emt 0:00:00]} a4 {[%emt 0:00:01]} 48. cxb4 {[%emt 0:00:00]} a3 {[%emt 0:00:01]} 49. bxa3 {[%emt 0:00:00]} c3 {[%emt 0:00:00]} 50. g7 {[%emt 0:00:00]} Nxg7 {[%emt 0:00:01]} 51. Kxg7 {[%emt 0:00:00]} c2 {[%emt 0:00:00]} 52. b5 {[%emt 0:00:00]} c1=Q {[%emt 0:00:00]} 53. b6 {[%emt 0:00:00]} Qxa3 {[%emt 0:00:00]} 54. b7 {[%emt 0:00:00]} Qb4 {[%emt 0:00:00]} 55. Kg8 {[%emt 0:00:02]} Qxb7 {[%emt 0:00:01]} 56. a4 {[%emt 0:00:00]} Kf6 {[%emt 0:00:00] Time (Lag: Av=0.78s, max=1.5s)} 0-1

[Event "Stay Safe Play From Home 326"]
[Site "Mustafa Kemal Atatürk"]
[Date "2020.07.23"]
[Round "6"]
[White "SoulofWolf"]
[Black "AChessPlayer"]
[Result "0-1"]
[WhiteElo "2065"]
[BlackElo "2341"]
[PlyCount "94"]
[EventDate "2020.07.23"]
[EventType "swiss (blitz)"]

1. d4 {[%emt 0:00:00]} Nf6 {[%emt 0:00:02]} 2. Nf3 {[%emt 0:00:00]} e6 {[%emt 0:00:00]} 3. c4 {[%emt 0:00:00]} d5 {[%emt 0:00:01]} 4. Nc3 {[%emt 0:00:00]} Be7 {[%emt 0:00:01]} 5. Bg5 {[%emt 0:00:02]} O-O {[%emt 0:00:01]} 6. e3 {[%emt 0:00:00]} Nbd7 {[%emt 0:00:00]} 7. Qc2 {[%emt 0:00:00]} c6 {[%emt 0:00:01]} 8. b3 {[%emt 0:00:01]} Re8 {[%emt 0:00:00]} 9. Bd3 {[%emt 0:00:00]} Qa5 {[%emt 0:00:02]} 10. O-O {[%emt 0:00:01]} Bb4 {[%emt 0:00:01]} 11. Rfc1 {[%emt 0:00:02]} h6 {[%emt 0:00:01]} 12. Bh4 {[%emt 0:00:01]} Ba3 {[%emt 0:00:00]} 13. Rd1 {[%emt 0:00:01]} Qd8 {[%emt 0:00:05]} 14. Rab1 {[%emt 0:00:02]} Bf8 {[%emt 0:00:01]} 15. b4 {[%emt 0:00:01]} dxc4 {[%emt 0:00:02]} 16. Bxc4 {[%emt 0:00:01]} Be7 {[%emt 0:00:01]} 17. a4 {[%emt 0:00:02]} Nd5 {[%emt 0:00:01]} 18. Bxe7 {[%emt 0:00:02]} Qxe7 {[%emt 0:00:00]} 19. Ne4 {[%emt 0:00:00]} Nxb4 {[%emt 0:00:02]} 20. Qb2 {[%emt 0:00:01]} a5 {[%emt 0:00:00]} 21. Bf1 {[%emt 0:00:02]} Nb6 {[%emt 0:00:01]} 22. Nc5 {[%emt 0:00:01]} N6d5 {[%emt 0:00:01]} 23. e4 {[%emt 0:00:00]} Nf4 {[%emt 0:00:01]} 24. g3 {[%emt 0:00:01]} Ng6 {[%emt 0:00:01]} 25. Re1 {[%emt 0:00:03]} b6 {[%emt 0:00:01]} 26. Nb3 {[%emt 0:00:02]} c5 {[%emt 0:00:01]} 27. Rbd1 {[%emt 0:00:04]} Bd7 {[%emt 0:00:02]} 28. d5 {[%emt 0:00:05]} Bxa4 {[%emt 0:00:01]} 29. dxe6 {[%emt 0:00:03]} Qxe6 {[%emt 0:00:01]} 30. Nbd2 {[%emt 0:00:01]} Bxd1 {[%emt 0:00:01]} 31. Bc4 {[%emt 0:00:01]} Qxc4 {[%emt 0:00:03]} 32. Nxc4 {[%emt 0:00:01]} Bxf3 {[%emt 0:00:00]} 33. Nd6 {[%emt 0:00:01]} Re7 {[%emt 0:00:02]} 34. Nf5 {[%emt 0:00:00]} Re5 {[%emt 0:00:03]} 35. h4 {[%emt 0:00:02]} Nd3 {[%emt 0:00:01]} 36. Qc3 {[%emt 0:00:03]} Nxe1 {[%emt 0:00:00]} 37. h5 {[%emt 0:00:03]} Bxh5 {[%emt 0:00:04]} 38. Qxe1 {[%emt 0:00:02]} Rae8 {[%emt 0:00:00]} 39. Qb1 {[%emt 0:00:01]} Rxe4 {[%emt 0:00:01]} 40. Qxb6 {[%emt 0:00:01]} Bf3 {[%emt 0:00:02]} 41. Kh2 {[%emt 0:00:01]} Re1 {[%emt 0:00:01]} 42. g4 {[%emt 0:00:01]} Rh1+ {[%emt 0:00:00]} 43. Kg3 {[%emt 0:00:00]} Be4 {[%emt 0:00:02]} 44. Qb2 {[%emt 0:00:01]} Bxf5 {[%emt 0:00:01]} 45. gxf5 {[%emt 0:00:00]} Nf8 {[%emt 0:00:00]} 46. Kg2 {[%emt 0:00:00]} Rhe1 {[%emt 0:00:01]} 47. Qc3 {[%emt 0:00:00]} R1e5 {[%emt 0:00:00] Czas partii (Lag: Av=0.52s, max=1.0s)} 0-1

[Event "Stay Safe Play From Home 326"]
[Site "Mustafa Kemal Atatürk"]
[Date "2020.07.23"]
[Round "6"]
[White "SelamiSahin"]
[Black "Stefanone"]
[Result "1-0"]
[WhiteElo "2018"]
[BlackElo "2070"]
[PlyCount "155"]
[EventDate "2020.07.23"]
[EventType "swiss (blitz)"]

1. c3 {[%emt 0:00:03]} d6 {[%emt 0:00:00]} 2. d4 {[%emt 0:00:00]} Nd7 {[%emt 0:00:00]} 3. Nf3 {[%emt 0:00:00]} Ngf6 {[%emt 0:00:00]} 4. e3 {[%emt 0:00:01]} e5 {[%emt 0:00:01]} 5. Bd3 {[%emt 0:00:00]} Be7 {[%emt 0:00:01]} 6. Nbd2 {[%emt 0:00:01]} c6 {[%emt 0:00:01]} 7. O-O {[%emt 0:00:01]} Qc7 {[%emt 0:00:00]} 8. e4 {[%emt 0:00:01]} Nb6 {[%emt 0:00:01]} 9. Qc2 {[%emt 0:00:01]} Bg4 {[%emt 0:00:01]} 10. h3 {[%emt 0:00:01]} Bh5 {[%emt 0:00:01]} 11. Re1 {[%emt 0:00:01]} Bg6 {[%emt 0:00:01]} 12. dxe5 {[%emt 0:00:01]} dxe5 {[%emt 0:00:01]} 13. Nc4 {[%emt 0:00:00]} O-O-O {[%emt 0:00:01]} 14. Nfxe5 {[%emt 0:00:04]} Bd6 {[%emt 0:00:03]} 15. Nxd6+ {[%emt 0:00:02]} Rxd6 {[%emt 0:00:00]} 16. Nxg6 {[%emt 0:00:01]} hxg6 {[%emt 0:00:01]} 17. e5 {[%emt 0:00:00]} Re6 {[%emt 0:00:03]} 18. Bf4 {[%emt 0:00:03]} Nfd5 {[%emt 0:00:02]} 19. Bg3 {[%emt 0:00:01]} Rh5 {[%emt 0:00:03]} 20. c4 {[%emt 0:00:01]} Nb4 {[%emt 0:00:02]} 21. Qc3 {[%emt 0:00:01]} Nxd3 {[%emt 0:00:00]} 22. Qxd3 {[%emt 0:00:00]} Nd7 {[%emt 0:00:01]} 23. b3 {[%emt 0:00:01]} Nc5 {[%emt 0:00:00]} 24. Qf3 {[%emt 0:00:01]} Rf5 {[%emt 0:00:02]} 25. Qg4 {[%emt 0:00:01]} Nd7 {[%emt 0:00:01]} 26. Rad1 {[%emt 0:00:05]} Nxe5 {[%emt 0:00:02]} 27. Bxe5 {[%emt 0:00:02]} Rfxe5 {[%emt 0:00:00]} 28. Rxe5 {[%emt 0:00:01]} Qxe5 {[%emt 0:00:00]} 29. Qf3 {[%emt 0:00:01]} Qe4 {[%emt 0:00:01]} 30. Qxf7 {[%emt 0:00:02]} Re7 {[%emt 0:00:02]} 31. Qf8+ {[%emt 0:00:01]} Re8 {[%emt 0:00:01]} 32. Qxg7 {[%emt 0:00:01]} Qe7 {[%emt 0:00:00]} 33. Qxe7 {[%emt 0:00:01]} Rxe7 {[%emt 0:00:00]} 34. Kf1 {[%emt 0:00:00]} Kc7 {[%emt 0:00:01]} 35. Re1 {[%emt 0:00:01]} Rf7 {[%emt 0:00:01]} 36. Re2 {[%emt 0:00:01]} Kd6 {[%emt 0:00:01]} 37. Rd2+ {[%emt 0:00:01]} Kc5 {[%emt 0:00:00]} 38. Re2 {[%emt 0:00:01]} Kb4 {[%emt 0:00:00]} 39. g4 {[%emt 0:00:01]} Rf3 {[%emt 0:00:01]} 40. Kg2 {[%emt 0:00:01]} Rf7 {[%emt 0:00:01]} 41. Kg3 {[%emt 0:00:01]} g5 {[%emt 0:00:01]} 42. h4 {[%emt 0:00:01]} gxh4+ {[%emt 0:00:00]} 43. Kxh4 {[%emt 0:00:00]} Rf3 {[%emt 0:00:01]} 44. g5 {[%emt 0:00:01]} Kc5 {[%emt 0:00:00]} 45. g6 {[%emt 0:00:01]} Rf8 {[%emt 0:00:01]} 46. Kg5 {[%emt 0:00:01]} Kd4 {[%emt 0:00:02]} 47. f4 {[%emt 0:00:01]} Kd3 {[%emt 0:00:01]} 48. Re7 {[%emt 0:00:01]} Rh8 {[%emt 0:00:02]} 49. f5 {[%emt 0:00:01]} Rh1 {[%emt 0:00:00]} 50. g7 {[%emt 0:00:00]} Rg1+ {[%emt 0:00:00]} 51. Kh6 {[%emt 0:00:00]} Rh1+ {[%emt 0:00:01]} 52. Kg6 {[%emt 0:00:01]} Rg1+ {[%emt 0:00:01]} 53. Kf7 {[%emt 0:00:00]} Rf1 {[%emt 0:00:02]} 54. g8=Q {[%emt 0:00:00]} Rxf5+ {[%emt 0:00:00]} 55. Ke8 {[%emt 0:00:00]} Rc5 {[%emt 0:00:02]} 56. Qe6 {[%emt 0:00:01]} Kc3 {[%emt 0:00:00]} 57. Qe3+ {[%emt 0:00:01]} Kb4 {[%emt 0:00:01]} 58. Qxc5+ {[%emt 0:00:00]} Kxc5 {[%emt 0:00:00]} 59. Rxb7 {[%emt 0:00:00]} a5 {[%emt 0:00:00]} 60. Ra7 {[%emt 0:00:00]} Kb4 {[%emt 0:00:01]} 61. Kd7 {[%emt 0:00:01]} c5 {[%emt 0:00:01]} 62. Rb7+ {[%emt 0:00:00]} Kc3 {[%emt 0:00:01]} 63. Rb5 {[%emt 0:00:00]} a4 {[%emt 0:00:01]} 64. bxa4 {[%emt 0:00:01]} Kxc4 {[%emt 0:00:01]} 65. Kc6 {[%emt 0:00:01]} Kd4 {[%emt 0:00:01]} 66. Rxc5 {[%emt 0:00:00]} Kd3 {[%emt 0:00:01]} 67. a5 {[%emt 0:00:00]} Kd4 {[%emt 0:00:00]} 68. a6 {[%emt 0:00:00]} Kd3 {[%emt 0:00:00]} 69. a7 {[%emt 0:00:00]} Kd4 {[%emt 0:00:00]} 70. a8=Q {[%emt 0:00:00]} Kd3 {[%emt 0:00:00]} 71. Qd8+ {[%emt 0:00:00]} Ke4 {[%emt 0:00:01]} 72. Rd5 {[%emt 0:00:00]} Kf4 {[%emt 0:00:01]} 73. Rd6 {[%emt 0:00:00]} Kf5 {[%emt 0:00:01]} 74. Rd7 {[%emt 0:00:01]} Kg6 {[%emt 0:00:00]} 75. Re7 {[%emt 0:00:00]} Kf6 {[%emt 0:00:01]} 76. Qf8+ {[%emt 0:00:00]} Kg6 {[%emt 0:00:00]} 77. Rg7+ {[%emt 0:00:00]} Kh6 {[%emt 0:00:00]} 78. Qh8# {[%emt 0:00:00] (Lag: Av=0.42s, max=1.1s)} 1-0

[Event "Stay Safe Play From Home 326"]
[Site "Mustafa Kemal Atatürk"]
[Date "2020.07.23"]
[Round "6"]
[White "Edmatuag"]
[Black "NeatFox"]
[Result "0-1"]
[WhiteElo "1677"]
[BlackElo "1802"]
[Annotator "NA"]
[PlyCount "108"]
[EventDate "2020.07.23"]
[EventType "swiss (blitz)"]

1. e4 {[%emt 0:00:01]} c6 {[%emt 0:00:00]} 2. d3 {[%emt 0:00:01]} d5 {[%emt 0:00:00]} 3. Nc3 {[%emt 0:00:01]} dxe4 {[%emt 0:00:00]} 4. Nxe4 {[%emt 0:00:01]} Nf6 {[%emt 0:00:00]} 5. Nf3 {[%emt 0:00:01]} Nxe4 {[%emt 0:00:01]} 6. dxe4 {[%emt 0:00:00]} Qxd1+ {[%emt 0:00:01]} 7. Kxd1 {[%emt 0:00:00]} Bg4 {[%emt 0:00:01]} 8. Be3 {[%emt 0:00:01]} Bxf3+ {[%emt 0:00:01]} 9. gxf3 {[%emt 0:00:01]} Nd7 {[%emt 0:00:01]} 10. Bc4 {[%emt 0:00:01]} e6 {[%emt 0:00:02]} 11. Ke2 {[%emt 0:00:01]} O-O-O {[%emt 0:00:01]} 12. Rhg1 {[%emt 0:00:01]} g6 {[%emt 0:00:01]} 13. Rad1 {[%emt 0:00:01]} Bg7 {[%emt 0:00:02]} 14. c3 {[%emt 0:00:05]} a6 {[%emt 0:00:01]} 15. f4 {[%emt 0:00:01]} c5 {[%emt 0:00:01]} 16. f5 {[%emt 0:00:01]} exf5 {[%emt 0:00:01]} 17. exf5 {[%emt 0:00:01]} b6 {[%emt 0:00:03]} 18. Bxf7 {[%emt 0:00:01]} Rhf8 {[%emt 0:00:02]} 19. fxg6 {[%emt 0:00:01]} hxg6 {[%emt 0:00:01]} 20. Bxg6 {[%emt 0:00:02]} Rh8 {[%emt 0:00:01]} 21. Rg2 {[%emt 0:00:02]} Be5 {[%emt 0:00:05]} 22. Bf5 {[%emt 0:00:01]} Kc7 {[%emt 0:00:01]} 23. Bxd7 {[%emt 0:00:01]} Rxd7 {[%emt 0:00:01]} 24. Rxd7+ {[%emt 0:00:01]} Kxd7 {[%emt 0:00:00]} 25. f4 {[%emt 0:00:02]} Bd6 {[%emt 0:00:02]} 26. Kf3 {[%emt 0:00:01]} Rf8 {[%emt 0:00:01]} 27. Rg4 {[%emt 0:00:02]} Rh8 {[%emt 0:00:02]} 28. h4 {[%emt 0:00:01]} Rh5 {[%emt 0:00:01]} 29. Kg3 {[%emt 0:00:02]} Be7 {[%emt 0:00:01]} 30. Bf2 {[%emt 0:00:04]} b5 {[%emt 0:00:03]} 31. Kh3 {[%emt 0:00:02]} c4 {[%emt 0:00:01]} 32. Rg7 {[%emt 0:00:02]} Ke6 {[%emt 0:00:01]} 33. Kg4 {[%emt 0:00:01]} Rh6 {[%emt 0:00:03]} 34. f5+ {[%emt 0:00:01]} Kf6 {[%emt 0:00:01]} 35. Rg6+ {[%emt 0:00:01]} Rxg6+ {[%emt 0:00:00]} 36. fxg6 {[%emt 0:00:00]} Kxg6 {[%emt 0:00:00]} 37. Be3 {[%emt 0:00:02]} a5 {[%emt 0:00:06]} 38. h5+ {[%emt 0:00:02]} Kh7 {[%emt 0:00:01]} 39. Kf5 {[%emt 0:00:01]} b4 {[%emt 0:00:01]} 40. Ke6 {[%emt 0:00:00]} Bh4 {[%emt 0:00:01]} 41. cxb4 {[%emt 0:00:01]} axb4 {[%emt 0:00:00]} 42. Kd5 {[%emt 0:00:01]} c3 {[%emt 0:00:01]} 43. bxc3 {[%emt 0:00:00]} bxc3 {[%emt 0:00:00]} 44. Bc1 {[%emt 0:00:01]} Bf6 {[%emt 0:00:01]} 45. Kc4 {[%emt 0:00:01]} Kg7 {[%emt 0:00:01]} 46. a4 {[%emt 0:00:00]} Be5 {[%emt 0:00:01]} 47. a5 {[%emt 0:00:00]} Bc7 {[%emt 0:00:01]} 48. a6 {[%emt 0:00:00]} Bb6 {[%emt 0:00:01]} 49. Kxc3 {[%emt 0:00:00]} Kh7 {[%emt 0:00:01]} 50. Kc4 {[%emt 0:00:00]} Ba7 {[%emt 0:00:00]} 51. Kb5 {[%emt 0:00:00]} Bf2 {[%emt 0:00:00]} 52. Kc6 {[%emt 0:00:00]} Bg1 {[%emt 0:00:01]} 53. Kb7 {[%emt 0:00:01]} Bf2 {[%emt 0:00:00]} 54. a7 {[%emt 0:00:00]} Be3 {[%emt 0:00:00] Time (Lag: Av=0.63s, max=1.3s)} 0-1

[Event "Stay Safe Play From Home 326"]
[Site "Mustafa Kemal Atatürk"]
[Date "2020.07.23"]
[Round "6"]
[White "Trotsky"]
[Black "Lamborghini"]
[Result "0-1"]
[WhiteElo "1607"]
[BlackElo "2188"]
[PlyCount "50"]
[EventDate "2020.07.23"]
[EventType "swiss (blitz)"]

1. d4 {[%emt 0:00:01]} Nf6 {[%emt 0:00:01]} 2. e3 {[%emt 0:00:01]} g6 {[%emt 0:00:00]} 3. c4 {[%emt 0:00:01]} Bg7 {[%emt 0:00:00]} 4. Nc3 {[%emt 0:00:01]} O-O {[%emt 0:00:00]} 5. Bd3 {[%emt 0:00:01]} d6 {[%emt 0:00:00]} 6. Qc2 {[%emt 0:00:01]} Nc6 {[%emt 0:00:01]} 7. a3 {[%emt 0:00:02]} e5 {[%emt 0:00:01]} 8. d5 {[%emt 0:00:01]} Ne7 {[%emt 0:00:02]} 9. Nf3 {[%emt 0:00:01]} Ne8 {[%emt 0:00:01]} 10. Ng5 {[%emt 0:00:01]} Nxd5 {[%emt 0:00:03]} 11. h4 {[%emt 0:00:03]} Nxc3 {[%emt 0:00:01]} 12. bxc3 {[%emt 0:00:01]} Nf6 {[%emt 0:00:03]} 13. h5 {[%emt 0:00:02]} Nxh5 {[%emt 0:00:02]} 14. f4 {[%emt 0:00:03]} exf4 {[%emt 0:00:01]} 15. Nxh7 {[%emt 0:00:10]} Re8 {[%emt 0:00:02]} 16. Bd2 {[%emt 0:00:03]} fxe3 {[%emt 0:00:01]} 17. O-O-O {[%emt 0:00:07]} exd2+ {[%emt 0:00:01]} 18. Kb1 {[%emt 0:00:01]} Nf4 {[%emt 0:00:06]} 19. g3 {[%emt 0:00:04]} Nxd3 {[%emt 0:00:01]} 20. Rdf1 {[%emt 0:00:10]} Re1+ {[%emt 0:00:13] '} 21. Rxe1 {[%emt 0:00:02]} dxe1=Q+ {[%emt 0:00:01]} 22. Rxe1 {[%emt 0:00:01]} Nxe1 {[%emt 0:00:00]} 23. Qf2 {[%emt 0:00:03]} Bf5+ {[%emt 0:00:00]} 24. Ka2 {[%emt 0:00:01]} Nd3 {[%emt 0:00:00]} 25. Ng5 {[%emt 0:00:01]} Qxg5 {[%emt 0:00:01] Trotsky Ñäàåòñÿ (Lag: Av=0.36s, max=0.6s)} 0-1

[Event "Stay Safe Play From Home 326"]
[Site "Mustafa Kemal Atatürk"]
[Date "2020.07.23"]
[Round "6"]
[White "Mandy"]
[Black "Klasman"]
[Result "0-1"]
[WhiteElo "870"]
[BlackElo "1354"]
[Annotator "NA"]
[PlyCount "28"]
[EventDate "2020.07.23"]
[EventType "swiss (blitz)"]

1. d4 {[%emt 0:00:03]} f5 {[%emt 0:00:01]} 2. Bf4 {[%emt 0:00:01]} Nf6 {[%emt 0:00:03]} 3. e3 {[%emt 0:00:01]} d5 {[%emt 0:00:02]} 4. Nf3 {[%emt 0:00:01]} c5 {[%emt 0:00:01]} 5. h3 {[%emt 0:00:01]} Qb6 {[%emt 0:00:01]} 6. b3 {[%emt 0:00:03]} cxd4 {[%emt 0:00:02]} 7. Nxd4 {[%emt 0:00:07]} Nc6 {[%emt 0:00:03]} 8. Qd2 {[%emt 0:00:05]} e5 {[%emt 0:00:03]} 9. Bxe5 {[%emt 0:00:09]} Nxe5 {[%emt 0:00:02]} 10. Nf3 {[%emt 0:00:08]} Nxf3+ {[%emt 0:00:02]} 11. gxf3 {[%emt 0:00:02]} Be6 {[%emt 0:00:03]} 12. Bd3 {[%emt 0:00:05]} Bb4 {[%emt 0:00:03]} 13. Qxb4 {[%emt 0:00:11]} Qxb4+ {[%emt 0:00:02]} 14. Ke2 {[%emt 0:00:02]} Rc8 {[%emt 0:00:03] Zeit (Lag: Av=0.52s, max=0.8s)} 0-1

[Event "Stay Safe Play From Home 326"]
[Site "Mustafa Kemal Atatürk"]
[Date "2020.07.23"]
[Round "7"]
[White "Broken sword"]
[Black "SelamiSahin"]
[Result "1-0"]
[WhiteElo "2449"]
[BlackElo "2041"]
[PlyCount "75"]
[EventDate "2020.07.23"]
[EventType "swiss (blitz)"]

1. e4 {[%emt 0:00:01]} c6 {[%emt 0:00:01]} 2. d4 {[%emt 0:00:01]} d5 {[%emt 0:00:00]} 3. Nc3 {[%emt 0:00:00]} dxe4 {[%emt 0:00:01]} 4. Nxe4 {[%emt 0:00:00]} Nf6 {[%emt 0:00:00]} 5. Nxf6+ {[%emt 0:00:00]} exf6 {[%emt 0:00:00]} 6. c3 {[%emt 0:00:00]} Bd6 {[%emt 0:00:00]} 7. Bd3 {[%emt 0:00:00]} O-O {[%emt 0:00:00]} 8. Qc2 {[%emt 0:00:00]} Re8+ {[%emt 0:00:00]} 9. Ne2 {[%emt 0:00:00]} h6 {[%emt 0:00:00]} 10. Bd2 {[%emt 0:00:01]} Qc7 {[%emt 0:00:00]} 11. O-O-O {[%emt 0:00:01]} Be6 {[%emt 0:00:01]} 12. Kb1 {[%emt 0:00:01]} b5 {[%emt 0:00:00]} 13. g3 {[%emt 0:00:00]} Nd7 {[%emt 0:00:00]} 14. Nf4 {[%emt 0:00:01]} Nb6 {[%emt 0:00:01]} 15. Nxe6 {[%emt 0:00:00]} fxe6 {[%emt 0:00:00]} 16. Rhe1 {[%emt 0:00:01]} e5 {[%emt 0:00:01]} 17. dxe5 {[%emt 0:00:01]} Bxe5 {[%emt 0:00:00]} 18. h4 {[%emt 0:00:01]} a6 {[%emt 0:00:01]} 19. Be3 {[%emt 0:00:00]} c5 {[%emt 0:00:01]} 20. Be4 {[%emt 0:00:02]} Rad8 {[%emt 0:00:01]} 21. Bg6 {[%emt 0:00:01]} Rf8 {[%emt 0:00:05]} 22. g4 {[%emt 0:00:01]} Nc4 {[%emt 0:00:02]} 23. Bc1 {[%emt 0:00:01]} Rxd1 {[%emt 0:00:02]} 24. Rxd1 {[%emt 0:00:00]} Rd8 {[%emt 0:00:00]} 25. Re1 {[%emt 0:00:00]} Qd7 {[%emt 0:00:04]} 26. g5 {[%emt 0:00:02]} fxg5 {[%emt 0:00:02]} 27. hxg5 {[%emt 0:00:00]} hxg5 {[%emt 0:00:06]} 28. Bxg5 {[%emt 0:00:01]} Rf8 {[%emt 0:00:01]} 29. Bh7+ {[%emt 0:00:03]} Kh8 {[%emt 0:00:01]} 30. Rh1 {[%emt 0:00:02]} g6 {[%emt 0:00:16]} 31. Bxg6+ {[%emt 0:00:01]} Kg7 {[%emt 0:00:01]} 32. Bh6+ {[%emt 0:00:00]} Kf6 {[%emt 0:00:01]} 33. Bxf8 {[%emt 0:00:02]} Nd2+ {[%emt 0:00:00]} 34. Ka1 {[%emt 0:00:01]} Nb3+ {[%emt 0:00:01]} 35. Qxb3 {[%emt 0:00:02]} Qd2 {[%emt 0:00:00]} 36. Qf7+ {[%emt 0:00:01]} Kg5 {[%emt 0:00:01]} 37. Bh6+ {[%emt 0:00:00]} Kg4 {[%emt 0:00:01]} 38. Bxd2 {[%emt 0:00:01] SelamiSahin terk eder (Lag: Av=0.41s, max=0.6s)} 1-0

[Event "Stay Safe Play From Home 326"]
[Site "Mustafa Kemal Atatürk"]
[Date "2020.07.23"]
[Round "7"]
[White "Mepe_Nika"]
[Black "AChessPlayer"]
[Result "1/2-1/2"]
[WhiteElo "2386"]
[BlackElo "2347"]
[PlyCount "104"]
[EventDate "2020.07.23"]
[EventType "swiss (blitz)"]

1. c4 {[%emt 0:00:01]} g6 {[%emt 0:00:01]} 2. g3 {[%emt 0:00:01]} Bg7 {[%emt 0:00:00]} 3. Bg2 {[%emt 0:00:00]} c5 {[%emt 0:00:00]} 4. Nc3 {[%emt 0:00:00]} Nc6 {[%emt 0:00:00]} 5. d3 {[%emt 0:00:00]} e6 {[%emt 0:00:01]} 6. Bd2 {[%emt 0:00:00]} Nge7 {[%emt 0:00:00]} 7. Qc1 {[%emt 0:00:00]} h6 {[%emt 0:00:00]} 8. Nf3 {[%emt 0:00:02]} a6 {[%emt 0:00:00]} 9. O-O {[%emt 0:00:01]} d5 {[%emt 0:00:00]} 10. cxd5 {[%emt 0:00:01]} exd5 {[%emt 0:00:00]} 11. Rb1 {[%emt 0:00:01]} b6 {[%emt 0:00:01]} 12. a3 {[%emt 0:00:01]} Bb7 {[%emt 0:00:00]} 13. b4 {[%emt 0:00:01]} d4 {[%emt 0:00:01]} 14. Na4 {[%emt 0:00:02]} cxb4 {[%emt 0:00:01]} 15. axb4 {[%emt 0:00:00]} Nd5 {[%emt 0:00:04]} 16. Qb2 {[%emt 0:00:02]} O-O {[%emt 0:00:02]} 17. Rfc1 {[%emt 0:00:01]} Rc8 {[%emt 0:00:02]} 18. Qb3 {[%emt 0:00:02]} a5 {[%emt 0:00:03]} 19. bxa5 {[%emt 0:00:01]} Rb8 {[%emt 0:00:06]} 20. Nxb6 {[%emt 0:00:01]} Ba8 {[%emt 0:00:04]} 21. Qc4 {[%emt 0:00:02]} Nxb6 {[%emt 0:00:01]} 22. axb6 {[%emt 0:00:01]} Rxb6 {[%emt 0:00:00]} 23. Rxb6 {[%emt 0:00:01]} Qxb6 {[%emt 0:00:00]} 24. Bf4 {[%emt 0:00:01]} Bb7 {[%emt 0:00:01]} 25. Qa2 {[%emt 0:00:01]} Ra8 {[%emt 0:00:01]} 26. Qd2 {[%emt 0:00:01]} g5 {[%emt 0:00:01]} 27. Bd6 {[%emt 0:00:02]} Qd8 {[%emt 0:00:01]} 28. Bc5 {[%emt 0:00:01]} Qd5 {[%emt 0:00:01]} 29. Nxd4 {[%emt 0:00:02]} Qxg2+ {[%emt 0:00:01]} 30. Kxg2 {[%emt 0:00:01]} Nxd4+ {[%emt 0:00:00]} 31. e4 {[%emt 0:00:03]} Ne6 {[%emt 0:00:03]} 32. f3 {[%emt 0:00:03]} Rd8 {[%emt 0:00:01]} 33. d4 {[%emt 0:00:02]} Nxd4 {[%emt 0:00:02]} 34. Bxd4 {[%emt 0:00:01]} Rxd4 {[%emt 0:00:01]} 35. Qc2 {[%emt 0:00:01]} g4 {[%emt 0:00:03]} 36. Rd1 {[%emt 0:00:06]} gxf3+ {[%emt 0:00:02]} 37. Kxf3 {[%emt 0:00:01]} Bxe4+ {[%emt 0:00:02]} 38. Qxe4 {[%emt 0:00:00]} Rxd1 {[%emt 0:00:01]} 39. Qe8+ {[%emt 0:00:01]} Bf8 {[%emt 0:00:01]} 40. Qe4 {[%emt 0:00:00]} Rd6 {[%emt 0:00:01]} 41. Kg2 {[%emt 0:00:01]} Rg6 {[%emt 0:00:00]} 42. h4 {[%emt 0:00:01]} Re6 {[%emt 0:00:02]} 43. Qg4+ {[%emt 0:00:01]} Bg7 {[%emt 0:00:01]} 44. Qf5 {[%emt 0:00:01]} Kf8 {[%emt 0:00:00]} 45. Kh3 {[%emt 0:00:01]} Kg8 {[%emt 0:00:00]} 46. Qb5 {[%emt 0:00:01]} Kh7 {[%emt 0:00:01]} 47. Qd3+ {[%emt 0:00:01]} Kg8 {[%emt 0:00:00]} 48. h5 {[%emt 0:00:01]} Bf8 {[%emt 0:00:00]} 49. Qd8 {[%emt 0:00:01]} Kg7 {[%emt 0:00:01]} 50. Qd3 {[%emt 0:00:00]} Kg8 {[%emt 0:00:00]} 51. Qc3 {[%emt 0:00:01]} Bg7 {[%emt 0:00:00]} 52. Qd3 {[%emt 0:00:00]} Bf8 {[%emt 0:00:00] (Lag: Av=0.53s, max=0.8s)} 1/2-1/2